000 00466cam a2200181ua 4500
001 11937
008 191120n ii |||gr||||Z||||||eng
020 _a9789386037770
040 _cMAIN
082 _a154
100 _a Joseph Murphy,
_eAuthor.
245 _aThe power of your subconscious mind
_cBy Joseph Murphy
250 _a1st ed.
260 _aKolkata:
_bIBD Publishing,
_c2016.
300 _a272p.
653 _aSubconscious & altered states
942 _cBK
999 _c10724
_d10724